Statystyki dla Znajdź złą flagę

Kliknij tutaj aby rozwiązać quiz!

Ogólne statystyki

  • Ten quiz został rozwiązany 156 razy
  • Średni wynik to 5 z 7

Statystyki odpowiedzi

ZagadnienieOdpowiedź% Poprawnych
ZAMBIA | EGIPT | KOREA POŁUDNIOWA | UZBEKISTAN
86%
POLSKA | MONAKO | KENIA | BURUNDI
80%
PORTUGALIA | KIRGISTAN | SALWADOR | SURINAM
66%
AUSTRALIA | TUVALU | WYSPY SALOMONA | FIDŻI
61%
MADAGASKAR | HAITI | REPUBLIKA ŚRODKOWOAFRYKAŃSKA | BAHRAJN
56%
RUMUNIA | DOMINIKANA | ISLANDIA | TOGO
55%
GWINEA BISSAU | SENEGAL | IRLANDIA | NIKARAGUA
53%

Rozkład punktacji

Percentyl według liczby udzielonych odpowiedzi

Procent ludzi z każdym wynikiem

Twoja historia wyników

Nie rozwiązałeś tego quizu